| 000 | 00490nam a22001697a 4500 | ||
|---|---|---|---|
| 003 | OSt | ||
| 008 | 200320b ||||| |||| 00| 0 eng d | ||
| 020 | _a9780870553745 | ||
| 082 | _a579 REP | ||
| 100 | _aReed, Gerald (ed) | ||
| 245 | _aPrescott and Dunn's Industrial Microbiology | ||
| 250 | _a4th, 2004 (Subsequent Edition April 1981) | ||
| 260 |
_aNew Delhi _bCBS Publishers & Distributors |
||
| 300 | _aHardcover: 883 Pages | ||
| 650 | _aPharmaceutical Microbiology | ||
| 942 |
_2ddc _cBK |
||
| 999 |
_c8611 _d8611 |
||